000 00805cam a22002054a 4500
005 20250605164041.0
008 250528s ||||||||||||||||||||||||d
035 _a16982
020 _a6718106
040 _aGR-AtMCL
_bgre
_dGR-AtMCL
_eAACR2
245 1 _aTally's Corner / A Study of Negro Streetcorner Men
260 _c1967
300 _a264
520 _aA sharp, hard-hitting observation of a segment of life and society in action. Foreword, Acknowledgements, Introduction, Men and Jobs, Fathers Without Children, Husbands and Wives, Lovers and Exploiters, Friends and Networks, Conclusion, Appendix: A Field Experience in Retrospect, References.
700 1 _aLiebow Elliot
_93105
942 _cBK
710 2 _aLittle, Brown and Company
_99712
999 _c2424
_d2424